LEADER 01078nam a2200265 i 4500 001 000000106561 003 CaOOAMICUS 005 20260311115746.0 008 100526s2001 it u000 u ita u 013 $a78755 020 $a88-10-20619-3 040 $aSeMil$bita 245 10$aLettera ai Filippesi /$cintroduzione, versione, commento di Rinaldo Fabris. Lettera a Filemone. 260 $aBologna :$bEDB,$ccopyr. 2000 (stampa 2001) 300 $a336 p. ;$c24 cm. 490 0 $aScritti delle origini cristiane ;$v11 700 1 $aFabris, Rinaldo,$c.$0(OLS)http://semarc/name/340 830 0$aScritti delle origini cristiane ;$v11.$0(OLS)http://semarc/title/5925 850 $aSeMil 852 $aSeMil$W1$xVenegono$y1$m2WA S 11$j270272$B62691$CSeMilBibl$Z2$F71929 $81 961 $aAcquisto: Cittą Nuova (Agente) 996 $6020$a88-10-20619-3$9(OLS)http://semarc/number/87286 996 $6245$aLettera ai Filippesi$9(OLS)http://semarc/title/95842 996 $6260$aBologna :$bEDB$9(OLS)http://semarc/publisher/29669